000 00800nam a2200289 a 4500
003 AR-BaBNM
005 20251128204910.0
008 082120s2002 ||||||||||||||000 | spa||
020 _a84-227-1136-0
040 _cAR-BaBNM
100 1 _aSoler Fiérrez, Eduardo
245 0 0 _aLa práctica de la inspección
_ben el sistema escolar
260 _aMadrid
_bNarcea
_c1995
300 _a90 p.
_bdiagr.
490 0 _aEducación hoy
504 _aBibliografía: p. 89-90
650 4 _aINSPECTORES
650 4 _aINSPECCION DE ESCUELAS
650 4 _aEVALUACION INTERNA
650 4 _aSUPERVISION DE LOS DOCENTES
650 4 _aTECNICAS DE EVALUACION
650 4 _aELABORACION DE INFORMES
651 4 _aEspaña
700 1 _aGómez Dacal, Eduardo
_eprologuista
942 _cBK
998 _csilvi
999 _c9250
_d9250